| 000 | 00470 a2200145 4500 | ||
|---|---|---|---|
| 082 | _a909 | ||
| 090 |
_c1133 _d1133 |
||
| 100 | _aGalbraith, V. H. | ||
| 245 |
_aAn introduction to the study of history _cV. H, Galbraith. |
||
| 260 |
_aIslamabad: _b National Book Foundation. |
||
| 300 |
_aviii, 143 p. : _bill. ; _c22 cm. |
||
| 500 | _a Includes bibliographical references and index | ||
| 650 | _aAsser, John, d. 909. Res gestae Alfredi.Historiography. | ||
| 942 |
_cBK _k909 GAL |
||
| 999 |
_c5095 _d5095 |
||